Movies Quiz

Random Movies or Oscar Quiz

Best Visual Effects by Picture Quiz Stats

 Plays Quiz Updated Dec 4, 2017

Challenge
Share
Tweet
Score 0/40 Timer 08:00
0 Plays Today
Film % Correct
Superman
98.9%
E.T. the Extra-Terrestrial
97.7%
Star Wars
95.7%
Titanic
93.4%
Jurassic Park
92.9%
Avatar
92.5%
Life of Pi
87.3%
King Kong
85.9%
The Matrix
84.9%
Forrest Gump
84.8%
Alien
84.6%
Independence Day
84.5%
Who Framed Roger Rabbit
83.9%
Star Wars: Return of the Jedi
83.1%
Gravity
82.6%
The Jungle Book
81.7%
Spider-Man 2
81%
Star Wars: The Empire Strikes Back
80.2%
The Lord of the Rings: The Two Towers
79.2%
Indiana Jones and the Temple of Doom
78.7%
Film % Correct
The Lord of the Rings: Fellowship of the Ring
77.4%
Inception
74.9%
Raiders of the Lost Ark
74%
The Lord of the Rings: The Return of the King
73.9%
The Curious Case of Benjamin Button
71.8%
Pirates of the Caribbean: Dead Man's Chest
70.4%
Terminator 2: Judgment Day
69%
Gladiator
67.8%
Aliens
65.3%
The Golden Compass
61.7%
Hugo
56.3%
Babe
54.7%
Interstellar
52.3%
Total Recall
51.7%
Ex Machina
43.7%
Death Becomes Her
39.2%
The Abyss
32.1%
What Dreams May Come
25.8%
Cocoon
22.7%
Innerspace
14.2%

You're not logged in!

Compare scores with friends on all Sporcle quizzes.
Join for Free
OR
Log In

You Might Also Like...

Show Comments

Extras

Top Quizzes Today


Score Distribution

Your Account Isn't Verified!

In order to create a playlist on Sporcle, you need to verify the email address you used during registration. Go to your Sporcle Settings to finish the process.

Report this User

Report this user for behavior that violates our Community Guidelines.

Details: